<?xml version="1.0" encoding="UTF-8"?>
<record
    xmlns:xsi="http://www.w3.org/2001/XMLSchema-instance"
    xsi:schemaLocation="http://www.loc.gov/MARC21/slim http://www.loc.gov/standards/marcxml/schema/MARC21slim.xsd"
    xmlns="http://www.loc.gov/MARC21/slim">

  <leader>00917cam a2200241 a 4500</leader>
  <controlfield tag="001">j  59002439 </controlfield>
  <controlfield tag="003">DLC</controlfield>
  <controlfield tag="005">20260227111518.0</controlfield>
  <controlfield tag="008">060418s1950    ja            000 0 jpn  </controlfield>
  <datafield tag="010" ind1=" " ind2=" ">
    <subfield code="a">j  59002439 </subfield>
  </datafield>
  <datafield tag="035" ind1=" " ind2=" ">
    <subfield code="a">(CStRLIN)DCLP06-B4915</subfield>
  </datafield>
  <datafield tag="040" ind1=" " ind2=" ">
    <subfield code="a">DLC</subfield>
    <subfield code="c">DLC</subfield>
    <subfield code="d">DLC-R</subfield>
  </datafield>
  <datafield tag="050" ind1="0" ind2="0">
    <subfield code="a">PL756.W54</subfield>
    <subfield code="b">K6</subfield>
  </datafield>
  <datafield tag="066" ind1=" " ind2=" ">
    <subfield code="c">$1</subfield>
  </datafield>
  <datafield tag="245" ind1="0" ind2="0">
    <subfield code="6">880-01</subfield>
    <subfield code="a">Kono hate ni kimi aru gotoku :</subfield>
    <subfield code="b">zenkoku mib&#x14D;jin no tanka shuki /</subfield>
    <subfield code="c">senja Kubota Utsubo ... [et al.].</subfield>
  </datafield>
  <datafield tag="260" ind1=" " ind2=" ">
    <subfield code="6">880-02</subfield>
    <subfield code="a">T&#x14D;ky&#x14D; :</subfield>
    <subfield code="b">Ch&#x16B;&#x14D; K&#x14D;ronsha,</subfield>
    <subfield code="c">Sh&#x14D;wa 25 [1950]</subfield>
  </datafield>
  <datafield tag="300" ind1=" " ind2=" ">
    <subfield code="a">212 p. ;</subfield>
    <subfield code="c">19 cm.</subfield>
  </datafield>
  <datafield tag="650" ind1=" " ind2="0">
    <subfield code="a">Widows' writings, Japanese.</subfield>
  </datafield>
  <datafield tag="700" ind1="1" ind2=" ">
    <subfield code="6">880-03</subfield>
    <subfield code="a">Kubota, Utsubo,</subfield>
    <subfield code="d">1877-1967.</subfield>
  </datafield>
  <datafield tag="880" ind1="0" ind2="0">
    <subfield code="6">245-01/$1</subfield>
    <subfield code="a">&#x3053;&#x306E; &#x679C;&#x3066; &#x306B; &#x541B; &#x3042;&#x308B; &#x5982;&#x304F; :</subfield>
    <subfield code="b">&#x5168;&#x570B; &#x672A;&#x4EA1;&#x4EBA; &#x306E; &#x77ED;&#x6B4C; &#x624B;&#x8A18; /</subfield>
    <subfield code="c">&#x9078;&#x8005; &#x7AAA;&#x7530; &#x7A7A;&#x7A57; ... [et al.] </subfield>
  </datafield>
  <datafield tag="880" ind1=" " ind2=" ">
    <subfield code="6">260-02/$1</subfield>
    <subfield code="a">&#x6771;&#x4EAC; :</subfield>
    <subfield code="b">&#x4E2D;&#x592E; &#x516C;&#x8AD6;&#x793E;,</subfield>
    <subfield code="c">&#x662D;&#x548C; 25 [1950]</subfield>
  </datafield>
  <datafield tag="880" ind1="1" ind2=" ">
    <subfield code="6">700-03/$1</subfield>
    <subfield code="a">&#x7AAA;&#x7530; &#x7A7A;&#x7A57;,</subfield>
    <subfield code="d">1877-1967.</subfield>
  </datafield>
  <datafield tag="999" ind1=" " ind2=" ">
    <subfield code="c">34883</subfield>
    <subfield code="d">34883</subfield>
  </datafield>
</record>
